Estadísticas para Países con más países limítrofes

Haz click aquí para intentar la prueba.

Estadísticas generales

  • Esta prueba ha sido intentada 51 veces
  • La puntuación promedio es 20 de 33

Estadísticas de respuestas

14% Correcto
China
100%
Rusia
96%
India
92%
Brasil
90%
República Democrática del Congo
90%
Alemania
85%
Italia
77%
Chad
75%
Irán
75%
Sudán
73%
Austria
69%
Francia
67%
Polonia
67%
Serbia
67%
Arabia Saudita
65%
Irak
65%
Sudafrica
63%
Hungría
60%
Niger
60%
República Centroafricana
56%
Ucrania
56%
Etiopía
50%
Mali
48%
Turquía
48%
Sudán del Sur
44%
Zambia
44%
Argelia
42%
Burkina Faso
40%
Afganistán
38%
Tanzania
38%
Mozambique
33%
Libia
27%
Guinea
15%

Distribución de puntuación

Porcentaje por número respondido

Porcentaje de gente con cada puntuación

Historial de tus puntuaciones

No has intentado esta prueba.